000 02352cam a22005534a 4500
001 muse3651
003 MdBmJHUP
005 20210127150856.0
006 m o d
007 cr||||||||nn|n
008 071128s2008 pau o 00 0 eng d
010 _z 2007048626
020 _a9780271021782
020 _a0271021780
020 _z9780271033969 (cloth : alk. paper)
020 _z0271033967
035 _a(OCoLC)780538779
040 _aMdBmJHUP
_cMdBmJHUP
041 1 _aeng
_afrm
_hfrm
043 _ae-fr---
050 0 4 _aDC101.A2
_bP513 2008
082 0 _a944/.026
_222
100 0 _aChristine,
_cde Pisan,
_dca. 1364-ca. 1431.
240 1 0 _aLivre de paix.
_lEnglish & French (Middle French)
245 1 4 _aThe Book of Peace
_bBy Christine de Pizan /
_cby Christine de Pizan ; edited, translated, and with an introduction and commentary by Karen Green ... [et al.].
264 1 _bPennsylvania State University Press,
264 3 _bProject MUSE,
300 _a1 online resource (xi, 347 p.)
490 0 _aPenn State Romance studies series
504 _aIncludes bibliographical references (p. [329]-339) and index.
506 0 _aOpen Access
_fUnrestricted online access
_2star
520 _a"An English translation of The Book of Peace, written between 1412 and 1414 by Christine de Pizan, one of the earliest known women authors. Translated material is side by side with the original French text"--Provided by publisher.
588 _aDescription based on print version record.
651 0 _aFrance
_xHistory
_y15th century
_vSources.
651 0 _aFrance
_xHistory
_yCharles VI, 1380-1422
_vSources.
651 0 _aFrance
_xPolitics and government
_y1328-1589
_vSources.
600 0 1 _aChristine,
_cde Pisan,
_dca. 1364-ca. 1431
_xPolitical and social views.
655 7 _aElectronic books.
_2local
700 1 _aGreen, Karen,
_d1951-
710 2 _aProject Muse.
_edistributor
830 0 _aBook collections on Project MUSE.
856 4 0 _zFull text available:
_uhttps://muse.jhu.edu/book/292/
945 _aProject MUSE - Archive Literature Foundation
945 _aProject MUSE - Archive Complete Foundation
999 _c23801
_d23801